[Event "PNWCC Online blitz JP 9th"]
[Site "Chess.com INT"]
[Date "2020.05.09"]
[Round "11"]
[White "Tang, Vincent"]
[Black "Karthik, Dhruv"]
[Result "0-1"]
[WhiteElo "1332"]
[BlackElo "1467"]
[PlyCount "44"]
[EventDate "2020.05.09"]
[EventType "swiss (blitz)"]
[EventRounds "11"]
[EventCountry "USA"]
[SourceTitle "CBM 196 Extra"]
[Source "ChessBase"]
[SourceDate "2020.07.31"]
[SourceVersion "1"]
[SourceVersionDate "2020.07.31"]
[SourceQuality "1"]

1. d4 d5 2. c4 e6 3. Nc3 Nf6 4. cxd5 exd5 5. Bg5 c6 6. e3 Bd6 7. Bd3 0-0 8. Nge2 a5 9. a4 Na6 10. 0-0 Nc7 11. f3 h6 12. Bh4 Ne6 13. e4 dxe4 14. fxe4 Bxh2+ 15. Kxh2 Ng4+ 16. Kg3 g5 17. Bxg5 Nxg5 18. Nf4 Qxd4 19. e5 Qe3+ 20. Kh4 Nf2 21. Qh5 Qxf4+ 22. g4 Qh2# 0-1

[Event "PNWCC Online blitz JP 8th"]
[Site "Chess.com INT"]
[Date "2020.05.02"]
[Round "1"]
[White "Raja, Harshit"]
[Black "Tang, Vincent"]
[Result "1-0"]
[WhiteElo "2472"]
[BlackElo "1332"]
[PlyCount "73"]
[EventDate "2020.05.02"]
[EventType "swiss (blitz)"]
[EventRounds "11"]
[EventCountry "USA"]
[SourceTitle "CBM 195 Extra"]
[Source "ChessBase"]
[SourceDate "2020.05.31"]
[SourceVersion "1"]
[SourceVersionDate "2020.05.31"]
[SourceQuality "1"]

1. e4 e5 2. Nf3 Nc6 3. Bb5 a6 4. Ba4 Nf6 5. 0-0 Be7 6. Re1 b5 7. Bb3 d6 8. c3 0-0 9. h3 Na5 10. Bc2 c5 11. d4 Qc7 12. Nbd2 cxd4 13. cxd4 Nc6 14. a3 Bd7 15. Nb3 a5 16. d5 a4 17. Nbd2 Na5 18. Bd3 Rfc8 19. Nf1 Nb3 20. Rb1 Nxc1 21. Rxc1 Qb7 22. Ne3 Rxc1 23. Qxc1 Rc8 24. Qd2 b4 25. axb4 Bd8 26. Nc4 Be7 27. Rc1 Bb5 28. Na5 Rxc1+ 29. Qxc1 Qb6 30. Bxb5 Qxb5 31. Qc8+ Bf8 32. Nc6 g6 33. Ng5 h6 34. Nxf7 Kxf7 35. Nd8+ Kg7 36. Ne6+ Kf7 37. Qxf8# 1-0

[Event "PNWCC Online blitz JP 8th"]
[Site "Chess.com INT"]
[Date "2020.05.02"]
[Round "11"]
[White "Tang, Vincent"]
[Black "Ho, Carter"]
[Result "0-1"]
[WhiteElo "1332"]
[BlackElo "1415"]
[PlyCount "64"]
[EventDate "2020.05.02"]
[EventType "swiss (blitz)"]
[EventRounds "11"]
[EventCountry "USA"]
[SourceTitle "CBM 195 Extra"]
[Source "ChessBase"]
[SourceDate "2020.05.31"]
[SourceVersion "1"]
[SourceVersionDate "2020.05.31"]
[SourceQuality "1"]

1. d4 d5 2. c4 c6 3. Nf3 Nf6 4. Nc3 dxc4 5. a4 Bf5 6. e3 e6 7. Bxc4 Bb4 8. 0-0 Nbd7 9. Qe2 0-0 10. e4 Bg6 11. e5 Nd5 12. Nxd5 cxd5 13. Bd3 Nb6 14. Bxg6 fxg6 15. Bd2 Qe7 16. Bxb4 Qxb4 17. Rfc1 Nc4 18. Rc2 Rac8 19. Ne1 Qb6 20. Nd3 Qxd4 21. Rd1 Qe4 22. Qxe4 dxe4 23. Nb4 Nxe5 24. Re2 Rfd8 25. Rxd8+ Rxd8 26. h3 Nd3 27. Rxe4 Nxb2 28. Rxe6 Nxa4 29. Re7 Nc5 30. Rc7 Rd1+ 31. Kh2 Rb1 32. Nd5 Ne6 0-1

[Event "PNWCC Online blitz JP 2nd"]
[Site "Chess.com INT"]
[Date "2020.03.21"]
[Round "2"]
[White "Park, Evan"]
[Black "Tang, Vincent"]
[Result "1-0"]
[WhiteElo "2146"]
[BlackElo "1332"]
[PlyCount "79"]
[EventDate "2020.03.21"]
[EventType "swiss (blitz)"]
[EventRounds "11"]
[EventCountry "USA"]
[SourceTitle "CBM 195 Extra"]
[Source "ChessBase"]
[SourceDate "2020.05.31"]
[SourceVersion "1"]
[SourceVersionDate "2020.05.31"]
[SourceQuality "1"]

1. e4 e5 2. Nf3 Nc6 3. Bc4 Nf6 4. d3 Bc5 5. 0-0 d6 6. Re1 h6 7. c3 0-0 8. a4 a6 9. h3 Ne7 10. Nbd2 Ba7 11. Nf1 Ng6 12. Be3 Bxe3 13. Nxe3 Re8 14. b4 Be6 15. Bxe6 fxe6 16. Qb3 Qd7 17. g3 Kh7 18. Kg2 Rad8 19. b5 a5 20. Nc4 b6 21. d4 exd4 22. cxd4 d5 23. Nce5 Nxe5 24. Nxe5 Qd6 25. Nf7 Qd7 26. Nxd8 Qxd8 27. e5 Ne4 28. Qe3 Rf8 29. f3 Ng5 30. h4 Nxf3 31. Rf1 Nxh4+ 32. gxh4 Rxf1 33. Rxf1 Qxh4 34. Qd3+ Kg8 35. Qg6 Qxd4 36. Qxe6+ Kh7 37. Qf5+ Kg8 38. e6 Qd2+ 39. Rf2 Qc3 40. e7 1-0

[Event "PNWCC Online blitz JP 2nd"]
[Site "Chess.com INT"]
[Date "2020.03.21"]
[Round "1"]
[White "Tang, Vincent"]
[Black "Tayar, Jonathan"]
[Result "0-1"]
[WhiteElo "1332"]
[BlackElo "2344"]
[PlyCount "75"]
[EventDate "2020.03.21"]
[EventType "swiss (blitz)"]
[EventRounds "11"]
[EventCountry "USA"]
[SourceTitle "CBM 195 Extra"]
[Source "ChessBase"]
[SourceDate "2020.05.31"]
[SourceVersion "1"]
[SourceVersionDate "2020.05.31"]
[SourceQuality "1"]

1. d4 Nf6 2. c4 Nc6 3. Nc3 e5 4. d5 Ne7 5. e4 Ng6 6. f3 Bc5 7. Nge2 a6 8. a3 d6 9. b4 Ba7 10. Qb3 c6 11. Na4 0-0 12. Be3 b5 13. Nb2 bxc4 14. Nxc4 cxd5 15. exd5 Nxd5 16. Bxa7 Rxa7 17. Rd1 Be6 18. Nc3 Nxc3 19. Qxc3 Rc7 20. Rc1 d5 21. Rd1 Qe7 22. Be2 d4 23. Qc2 Nf4 24. 0-0 Nxe2+ 25. Qxe2 Bxc4 26. Qd2 Bxf1 27. Rxf1 Rfc8 28. Re1 h6 29. h3 Qf6 30. Qd3 Rc3 31. Qe4 Rxa3 32. Qb7 Rac3 33. b5 axb5 34. Qxb5 d3 35. Qb2 e4 36. Kh2 Qf4+ 37. Kg1 e3 38. Qc1 0-1